Ekonomická analýza sociálneho problému chudoby bakalárska práca

Na minha lista:
Detalhes bibliográficos
Autor principal: Babincová, Katarína
Autor Corporativo: Národohospodárska fakulta EU. Katedra financií
Outros Autores: Piovarči, Veronika, 1992-
Formato: Livro
Idioma:eslovaco
Publicado em: Bratislava 2021
Tags: Adicionar Tag
Sem tags, seja o primeiro a adicionar uma tag!

MARC

LEADER 00000nbm a2200000 4500
001 0275186
005 20211210123942.6
041 0 |a slo 
044 |a SK 
245 1 0 |a Ekonomická analýza sociálneho problému chudoby  |b bakalárska práca  |c Katarína Babincová ; školiteľ: Veronika Piovarči 
264 1 |a Bratislava  |c 2021 
300 |a 55 s. 
100 1 |a Babincová, Katarína 
700 1 |a Piovarči, Veronika, 1992- 
710 2 |a Národohospodárska fakulta EU. Katedra financií